Analysis of step-stress models : (Record no. 26898)
[ view plain ]
| 000 -LEADER | |
|---|---|
| fixed length control field | 01168cam a22003015a 4500 |
| 001 - CONTROL NUMBER | |
| control field | 20506259 |
| 005 - DATE AND TIME OF LATEST TRANSACTION | |
| control field | 20181029104514.0 |
| 008 - FIXED-LENGTH DATA ELEMENTS--GENERAL INFORMATION | |
| fixed length control field | 180522t2017 enka frb 001 0 eng d |
| 010 ## - LIBRARY OF CONGRESS CONTROL NUMBER | |
| LC control number | 2017471124 |
| 020 ## - INTERNATIONAL STANDARD BOOK NUMBER | |
| International Standard Book Number | 9780128097137 |
| 035 ## - SYSTEM CONTROL NUMBER | |
| System control number | (OCoLC)ocn974698932 |
| 040 ## - CATALOGING SOURCE | |
| Original cataloging agency | BTCTA |
| Language of cataloging | eng |
| Transcribing agency | BTCTA |
| Modifying agency | YDX |
| -- | BDX |
| -- | WSU |
| -- | OCLCO |
| -- | OCLCF |
| -- | WAU |
| -- | DLC |
| -- | EG-ScBUE |
| 082 04 - DEWEY DECIMAL CLASSIFICATION NUMBER | |
| Classification number | 620.004 |
| Item number | KUN |
| Edition number | 22 |
| 100 1# - MAIN ENTRY--PERSONAL NAME | |
| Personal name | Kundu, Debasis. |
| 9 (RLIN) | 41834 |
| 245 10 - TITLE STATEMENT | |
| Title | Analysis of step-stress models : |
| Remainder of title | existing results and some recent developments / |
| Statement of responsibility, etc | Debasis Kundu and Ayon Ganguly. |
| 260 ## - PUBLICATION, DISTRIBUTION, ETC. (IMPRINT) | |
| Place of publication, distribution, etc | London : |
| Name of publisher, distributor, etc | Academic Press / Elsevier, |
| Date of publication, distribution, etc | c.2017. |
| 300 ## - PHYSICAL DESCRIPTION | |
| Extent | x, 171 p. : |
| Other physical details | ill. ; |
| Dimensions | 23 cm. |
| 504 ## - BIBLIOGRAPHY, ETC. NOTE | |
| Bibliography, etc | Includes bibliographical references (pages 155-163) and index. |
| 505 0# - FORMATTED CONTENTS NOTE | |
| Formatted contents note | Introduction -- Cumulative exposure model -- Other related models -- Step-stress life tests with multiple failure modes --<br/>Miscellaneous topics. |
| 650 #7 - SUBJECT ADDED ENTRY--TOPICAL TERM | |
| Topical term or geographic name as entry element | Accelerated life testing. |
| Source of heading or term | BUEsh |
| 650 #7 - SUBJECT ADDED ENTRY--TOPICAL TERM | |
| Topical term or geographic name as entry element | Strains and stresses. |
| Source of heading or term | BUEsh |
| 650 #7 - SUBJECT ADDED ENTRY--TOPICAL TERM | |
| Topical term or geographic name as entry element | Materials |
| General subdivision | Testing. |
| Source of heading or term | BUEsh |
| 651 ## - SUBJECT ADDED ENTRY--GEOGRAPHIC NAME | |
| Source of heading or term | BUEsh |
| 653 ## - INDEX TERM--UNCONTROLLED | |
| Resource For college | Engineering, Chemical |
| Arrived date list | October2018 |
| 655 ## - INDEX TERM--GENRE/FORM | |
| Form subdivision | Reading book |
| 700 1# - ADDED ENTRY--PERSONAL NAME | |
| Personal name | Ganguly, Ayon. |
| 9 (RLIN) | 41835 |
| 942 ## - ADDED ENTRY ELEMENTS (KOHA) | |
| Source of classification or shelving scheme | Dewey Decimal Classification |
| Withdrawn status | Item status | Source of classification or shelving scheme | Damaged status | Not for loan | Vendor | Home library | Current library | Shelving location | Date acquired | Source of acquisition | Cost, normal purchase price | Total Checkouts | Full call number | Barcode | Date last seen | Koha item type |
|---|---|---|---|---|---|---|---|---|---|---|---|---|---|---|---|---|
| Dewey Decimal Classification | Baccah | Central Library | Central Library | First floor | 29/10/2018 | Purchase | 1450.00 | 620.004 KUN | 000043666 | 15/07/2025 | Book - Borrowing |